000 01229nam a2200205Ia 4500
003 Ost
005 20260507075120.0
008 260507s9999||||xx |||||||||||||| ||und||
040 _cfsecg
041 _aara
082 _a330
100 _aأبوقحف، عبد السلام
_eمؤلف
245 0 _aأساسيات الإدارة الإستراتيجية /
_c عبد السلام أبوقحف
260 _aالإسكندرية:
_bالدار الجامعية,
_c2005
300 _a342 صفحة؛
_bإيضاحات ؛
_c24 سم
520 _aالمقدمات والمفاهيم والقضايا الأساسية- عملية الإدارة الإستراتيجية- الإدارة والقيادة الإستراتيجية وقت الأزمات- عملية الإدارة الإستراتيجية- مصادر المدضوعات الخطيرة- تنمية البدائل الإستراتيجية وسد فجوة الأداء- الإختيار الإستراتيجي والإستراتيجيات الموقفية- الإستراتيجية الأنواع والمجالات- تنفيذ وتقييم الإستراتيجيات
653 _aالإدارة
653 _aالإدارة الإستراتيجية
942 _cكتاب
999 _c43067
_d43067